Pengenalan kepada penilaian

Bibliographic Details
Main Author: Richmond D. (Author)
Other Authors: Yunus bin Abdul Rahman (Editor)
Format: Book
Language:Malay
Published: Kuala Lumpur : Dewan Bahasa dan Pustaka 1986
Subjects:

MARC

LEADER 00000cam a2200000 7i4500
001 0000000135
005 20240919.0
008 991123 my may
040 |a INS   |b eng   |e rda 
090 0 0 |a HD1387   |b .R37 1986 
100 1 |a Richmond D. ,   |e author 
245 1 0 |a Pengenalan kepada penilaian   |c D. Richmond   |f penerjemahan Yunus bin Abdul Rahman 
264 1 |a Kuala Lumpur :   |b Dewan Bahasa dan Pustaka   |c 1986 
264 4 |c ©1976 
300 |a xi, 203 pages ;   |c 22 cm. 
336 |a text  |2 rdacontent 
337 |a unmediated  |2 rdamedia 
338 |a volume  |2 rdacarrier 
650 0 |a Valuation 
700 0 |a Yunus bin Abdul Rahman ,   |e editor 
999 |a 0000002266   |b BOOK   |c Open Shelf   |e Default branch 
999 |a 0000002276   |b BOOK   |c Open Shelf   |e Default branch 
999 |a 0000002449   |b BOOK   |c Open Shelf   |e Default branch 
999 |a 0000002450   |b BOOK   |c Open Shelf   |e Default branch 
999 |a 0000004905   |b BOOK   |c Open Shelf   |e Default branch 
999 |a 0000006503   |b BOOK   |c Open Shelf   |e Default branch